书目信息 |
| 题名: |
古典小说基本解读
|
|
| 作者: | ;北京师联教育科学研究所 编 | |
| 分册: | 18 西游记 | |
| 出版信息: | 北京 人民武警出版社 2002 |
|
| 页数: | 260页 | |
| 开本: | 20cm | |
| 丛书名: | 图书馆古典文学基本典藏 | |
| 单 册: | ||
| 中图分类: | I242.4 , I242.49 , I207 | |
| 科图分类: | ||
| 主题词: | 古典小说--中国--明清时代--选集 , 章回小说--中国--明清时代--选集 , 长篇小说--中国--明清时代--选集 , 古典小说--中国--明代 , 章回小说--中国--明代 , 长篇小说--中国--明代 , 古典小说 , 章回小说 , 长篇小说 , 文学--中国 | |
| 电子资源: | ||
| ISBN: | 7-80176-021-2 | |
| 000 | 01274oam2 2200373 450 | |
| 001 | 1571965374 | |
| 005 | 20151110171203.43 | |
| 010 | @a7-80176-021-2@dCNY21.40 | |
| 100 | @a20021219d2002 emky0chiy0110 ea | |
| 101 | 0 | @achi |
| 102 | @aCN@b110000 | |
| 105 | @aa z 000ay | |
| 200 | 1 | @a古典小说基本解读@Agu dian xiao shuo ji ben jie du@9( xiu xiang ) gu dian xiao shuo ji ben jie du@e四大名著@h18@i西游记@f北京师联教育科学研究所编 |
| 210 | @a北京@c人民武警出版社@d2002 | |
| 215 | @a260页@d20cm | |
| 225 | 2 | @a图书馆古典文学基本典藏@e古典文学基本解读 |
| 461 | 0 | @12001 @a图书馆古典文学基本典藏 |
| 512 | 1 | @a古典小说基本解读@9gu dian xiao shuo ji ben jie du@e四大名著@h16~20@i(绣像)西游记 |
| 606 | 0 | @a古典小说@y中国@z明清时代@j选集 |
| 606 | 0 | @a章回小说@y中国@z明清时代@j选集 |
| 606 | 0 | @a长篇小说@y中国@z明清时代@j选集 |
| 606 | 0 | @a古典小说@y中国@z明代 |
| 606 | 0 | @a章回小说@y中国@z明代 |
| 606 | 0 | @a长篇小说@y中国@z明代 |
| 606 | 0 | @a古典小说 |
| 606 | 0 | @a章回小说 |
| 606 | 0 | @a长篇小说 |
| 606 | 0 | @a文学@x中国 |
| 690 | @aI242.4@v5 | |
| 690 | @aI242.49@v5 | |
| 690 | @aI207@v4 | |
| 711 | 02 | @a北京师联教育科学研究所@9bei jing shi lian jiao yu ke xue yan jiu suo@4编 |
| 801 | 0 | @aCN@bTSSF@c20150203 |
| 905 | @aZUCC@dI207@eJY242:18 | |
| 古典小说基本解读:四大名著.18.西游记/北京师联教育科学研究所编.-北京:人民武警出版社,2002 |
| 260页;20cm.-(图书馆古典文学基本典藏:古典文学基本解读) |
| ISBN 7-80176-021-2:CNY21.40 |
| ● |
| 相关链接 |
|
|
|
|
正题名:古典小说基本解读
索取号:I207/JY242:18
 
预约/预借
| 序号 | 登录号 | 条形码 | 馆藏地/架位号 | 状态 | 备注 |
| 1 | 7854136 | 278541366 | 学院路分馆/ [索取号:I207/JY242:18] | 在馆 | |
| 2 | 7854137 | 278541375 | 学院路分馆/ [索取号:I207/JY242:18] | 在馆 | |
| 3 | 7854138 | 278541384 | 学院路分馆/ [索取号:I207/JY242:18] | 在馆 |